000 00508nam a2200229Ia 4500
003 IT-RoPAU
008 120407s9999 xx 000 0 und d
040 _aIT-RoPAU
040 _cIT-RoPAU
041 _aita
100 _aClaudio Toscani
245 _aCome leggere i Promessi Sposi di Alessandro Manzoni.
250 _aMilano
260 _aMursia
260 _c1984
300 _a168 p.
300 _c17,1 cm
490 _a(Come leggere, 18).
490 _v1
942 _cBK
999 _c26913
_d26913